| 000 -LEADER |
| fixed length control field |
00456nam a22001337a 4500 |
| 020 ## - INTERNATIONAL STANDARD BOOK NUMBER |
| International Standard Book Number |
9788194901631 |
| 082 ## - DEWEY DECIMAL CLASSIFICATION NUMBER |
| Classification number |
A99 B469\Sa19 |
| 100 ## - MAIN ENTRY--PERSONAL NAME |
| Personal name |
Sahoo, Harischandra |
| 9 (RLIN) |
44881 |
| 245 ## - TITLE STATEMENT |
| Title |
The philosophy of Bhima Bhoi & Mahima Dharma |
| Statement of responsibility, etc |
edited by Harischandra Sahoo |
| 260 ## - PUBLICATION, DISTRIBUTION, ETC. (IMPRINT) |
| Place of publication, distribution, etc |
Odisha |
| Name of publisher, distributor, etc |
Kalinga Institute of Social Sciences |
| Date of publication, distribution, etc |
2020 |
| 300 ## - PHYSICAL DESCRIPTION |
| Extent |
209p. |
| 650 ## - SUBJECT ADDED ENTRY--TOPICAL TERM |
| Topical term or geographic name as entry element |
Bhoi, Bhima, 1852-1895 |
| 9 (RLIN) |
44882 |
| 650 ## - SUBJECT ADDED ENTRY--TOPICAL TERM |
| Topical term or geographic name as entry element |
Bhoi, Bhima, 1852-1895 - Philosophy - Hinduism |
| 9 (RLIN) |
44883 |